NLSUI OPAC header image

Media policy convergence, concentration and commerce (Record no. 13070)

MARC details
000 -LEADER
fixed length control field 00472nam a2200157Ia 4500
008 - FIXED-LENGTH DATA ELEMENTS--GENERAL INFORMATION
fixed length control field 160316s1998 xxu||||| |||| 00| 0 eng d
082 ## - DEWEY DECIMAL CLASSIFICATION NUMBER
Classification number 343.099800
Item number MCQ
100 ## - MAIN ENTRY--PERSONAL NAME
Personal name Mcquail Denis
245 ## - TITLE STATEMENT
Title Media policy convergence, concentration and commerce
250 ## - EDITION STATEMENT
Edition statement
260 ## - PUBLICATION, DISTRIBUTION, ETC.
Place of publication, distribution, etc. New Delhi
Name of publisher, distributor, etc. Sage Publications
Date of publication, distribution, etc. 1998
300 ## - PHYSICAL DESCRIPTION
Extent 231p
Other physical details 231p*
Dimensions
365 ## - TRADE PRICE
Price amount Rs.1,092
650 ## - SUBJECT ADDED ENTRY--TOPICAL TERM
Topical term or geographic name entry element 1. Mass Media - Policy - Europe - Media - Sociocultural Change
700 ## - ADDED ENTRY--PERSONAL NAME
Personal name Suine Karen
--
Holdings
Withdrawn status Lost status Damaged status Not for loan Home library Current library Shelving location Date acquired Cost, normal purchase price Total Checkouts Full call number Barcode Date last seen Date last checked out Price effective from Koha item type
        . . Library Compactors 30.05.2017 1092.00 2 343.0998 MCQ 13424 26.08.2024 19.08.2024 30.05.2017 BOOKs